HKRUK II (CHC) Ltd v Marcus Alexander Heaney (Record no. 113083)
[ view plain ]
| 000 -LEADER | |
|---|---|
| fixed length control field | 01443cad a22002295a 4500 |
| 001 - CONTROL NUMBER | |
| control field | L154647 |
| 008 - FIXED-LENGTH DATA ELEMENTS--GENERAL INFORMATION | |
| fixed length control field | 120109e20100903xxk f 000 0 eng d |
| 035 ## - SYSTEM CONTROL NUMBER | |
| System control number | (Sirsi) u154647 |
| 041 0# - LANGUAGE CODE | |
| Language code of text/sound track or separate title | eng |
| 245 00 - TITLE STATEMENT | |
| Title | HKRUK II (CHC) Ltd v Marcus Alexander Heaney |
| Medium | [electronic resource] |
| 260 ## - PUBLICATION, DISTRIBUTION, ETC. | |
| Date of publication, distribution, etc. | 2010 |
| 520 ## - SUMMARY, ETC. | |
| Summary, etc. | [2010] EWHC 2245 (Ch), 3 September 2010. Considers the granting of an injunction to prevent interference with an adjoining owner?s rights of light or whether damages would be an adequate remedy - the first important reported case involving a completed scheme. Claimant HK's commercial scheme in Leeds blocked defendant HE's light. HK sought to prevent an injunction in favour of HE and wanted to pay damages instead as an injunction would mean changing HK's building. "Held": in favour of defendant HE. HE was given the injunction and did not have to accept damages that he did not want. |
| 590 ## - LOCAL NOTE (RLIN) | |
| Local note | KA |
| 650 24 - SUBJECT ADDED ENTRY--TOPICAL TERM | |
| Topical term or geographic name entry element | HKRUK II (CHC) LTD V HEANEY |
| 650 24 - SUBJECT ADDED ENTRY--TOPICAL TERM | |
| Topical term or geographic name entry element | SHELFER V CITY OF LONDON ELECTRIC LIGHTING CO LTD 1895 |
| 650 24 - SUBJECT ADDED ENTRY--TOPICAL TERM | |
| Topical term or geographic name entry element | WROTHAM PARK ESTATE CO V PARKSIDE HOMES LTD |
| 650 24 - SUBJECT ADDED ENTRY--TOPICAL TERM | |
| Topical term or geographic name entry element | TAMARES (VINCENT SQUARE) LTD V FAIRPOINT PROPERTIES (VINCENT SQUARE) LTD |
| 651 #4 - SUBJECT ADDED ENTRY--GEOGRAPHIC NAME | |
| Geographic name | England and Wales |
| Chronological subdivision | 1543- |
| 690 ## - LOCAL SUBJECT ADDED ENTRY--TOPICAL TERM (OCLC, RLIN) | |
| Topical term or geographic name as entry element | PROPERTY-PROPERTY MANAGEMENT-EASEMENTS-RIGHTS TO LIGHT DETERMINATION |
| 856 40 - ELECTRONIC LOCATION AND ACCESS | |
| Uniform Resource Identifier | <a href="https://www.bailii.org/ew/cases/EWHC/Ch/2010/2245.html">https://www.bailii.org/ew/cases/EWHC/Ch/2010/2245.html</a> |
| Public note | View the law report free of charge at www.bailii.org |
| 942 ## - ADDED ENTRY ELEMENTS (KOHA) | |
| Suppress in OPAC | 0 |
| Withdrawn status | Lost status | Source of classification or shelving scheme | Damaged status | Not for loan | Home library | Current library | Shelving location | Date acquired | Total Checkouts | Full call number | Barcode | Date last seen | Copy number | Price effective from | Koha item type |
|---|---|---|---|---|---|---|---|---|---|---|---|---|---|---|---|
| Dewey Decimal Classification | Virtual | Virtual | Online | 09/01/2012 | ONLINE PUBLICATION | 154647-2001 | 06/08/2019 | 1 | 06/08/2019 | Law report |